| 000 | 00375nam a2200145 a 4500 | ||
|---|---|---|---|
| 001 | 781 | ||
| 003 | CDMR | ||
| 005 | 20130916100854.0 | ||
| 008 | 130130s1997||||||||||||||||||||||||||||d | ||
| 040 |
_aCDMR _bcat _cCDMR |
||
| 100 | 1 |
_aLópez Yepes, Alfonso _9610 |
|
| 245 | 1 | 0 |
_aDocumentación informativa _b: sistemas, redes y aplicaciones |
| 260 |
_c1997 _bSíntesis |
||
| 942 |
_cMON _2udc |
||
| 999 |
_c781 _d781 |
||